| 000 | 00761cam a22002055a 4500 | ||
|---|---|---|---|
| 001 | L149517 | ||
| 008 | 100315e20100219xxk 000 0 eng d | ||
| 035 | _a(Sirsi) u149517 | ||
| 041 | 0 | _aeng | |
| 100 | 1 | _aRawlinson, Simon | |
| 245 | 0 | 0 |
_aCost model _bschool refurbishment |
| 260 | _c2010 | ||
| 490 |
_aBuilding _v275 (8617) 19 February 2010, 52-57(6) |
||
| 520 | _aSchool refurbishment is part of the Building Schools for the Future (BSF) programme. This paper reviews the place of refurbishment in the BSF programme and the ensuing challenges. It includes a cost breakdown and a cost model for school refurbishment. | ||
| 590 | _aKA | ||
| 651 | 4 |
_aEngland and Wales _y1543- |
|
| 690 | _aBUILT ENVIRONMENT | ||
| 700 | 1 | _aZuccherelli, Paul | |
| 942 | _n0 | ||
| 999 |
_c82194 _d82194 |
||